Seni lukis dalam peristiwa (Record no. 155585)

MARC details
000 -LEADER
fixed length control field 00717nam a2200241 i 4500
001 - CONTROL NUMBER
control field C2-0179056
003 - CONTROL NUMBER IDENTIFIER
control field PPAK
005 - DATE AND TIME OF LATEST TRANSACTION
control field 20180728094823.0
008 - FIXED-LENGTH DATA ELEMENTS--GENERAL INFORMATION
fixed length control field 981003s1995 my a|||| ||||| | may d
020 ## - INTERNATIONAL STANDARD BOOK NUMBER
International Standard Book Number 9836244670
040 ## - CATALOGING SOURCE
Original cataloging agency PPAK
Language of cataloging eng
Transcribing agency PPAK
Description conventions rda
082 04 - DEWEY DECIMAL CLASSIFICATION NUMBER
Classification number 701.1809595
Edition number 23
090 00 - LOCALLY ASSIGNED LC-TYPE CALL NUMBER (OCLC); LOCAL CALL NUMBER (RLIN)
Classification number (OCLC) (R) ; Classification number, CALL (RLIN) (NR) 701.1809595
Feature heading MUL
Feature heading G
100 0# - MAIN ENTRY--PERSONAL NAME
Personal name Muliyadi Mahamood,
Relator term author
245 10 - TITLE STATEMENT
Title Seni lukis dalam peristiwa
264 #1 - PRODUCTION, PUBLICATION, DISTRIBUTION, MANUFACTURE, AND COPYRIGHT NOTICE
Place of production, publication, distribution, manufacture Kuala Lumpur :
Name of producer, publisher, distributor, manufacturer Dewan Bahasa dan Pustaka ,
Date of production, publication, distribution, manufacture, or copyright notice 1995
300 ## - PHYSICAL DESCRIPTION
Extent x, 204 pages :
Other physical details colour illustrations ;
Dimensions 22 cm
336 ## - CONTENT TYPE
Source rdacontent
Content type term text
337 ## - MEDIA TYPE
Source rdamedia
Media type term unmediated
338 ## - CARRIER TYPE
Source rdacarrier
Carrier type term volume
650 10 - SUBJECT ADDED ENTRY--TOPICAL TERM
Topical term or geographic name entry element Art, Malaysian - Malaysia ; Humanism in art
942 ## - ADDED ENTRY ELEMENTS (KOHA)
-- dc
Koha item type Book
Holdings
Withdrawn Not for loan Current library Shelving location Date acquired Full call number Barcode Date last seen Koha item type
    Perpustakaan Awam Sungai Petani Pinjaman Dewasa 03/10/1998 701.1809595 MUL A00222561 01/06/2018 Book
    Perpustakaan Kulim Pinjaman Dewasa 03/10/1998 701.1809595 MUL A00222565 01/06/2018 Book
    Perpustakaan Kulim Pinjaman Dewasa 03/10/1998 701.1809595 MUL A00222566 01/06/2018 Book
    Perpustakaan Yan Pinjaman Dewasa 03/10/1998 701.1809595 MUL A00222567 01/06/2018 Book
    Perpustakaan Yan Pinjaman Dewasa 03/10/1998 701.1809595 MUL A00222568 01/06/2018 Book
    PD18, Kg. Wang Tepus, Jitra Pinjaman Dewasa 03/10/1998 701.1809595 MUL A00222571 01/06/2018 Book